00887cam a22002411 450000100060000000300080000600500170001400800390003103500190007004000270008904100080011608200210012410000330014524501250017826000440030330000340034750400310038165000340041265100330044694200120047999900170049195201370050824892BD-RjUL20211209001118.0140315r19481943nyu b 001 0 eng a(BD-RjUL)24961 aDLCcDLCdBD-RjULbeng aeng00a901.9bFIP 19481 aFischer, Eric,d1898-97660514aThe passing of the European age :ba study of the transfer of Western civilization and its renewal in other continents / aNew York :bRussell & Russell ,c c1948 axv, 228 p. :c22 cm.bill . ; aBibliographical footnotes. 0aCivilization, Western.976606 0aEuropexCivilization.976607 2ddccBK c24892d24892 00102ddc40728NFICaRUCLbRUCLcReadingd1955-06-22eO. U. Pg16.20l0o901.9 FIP 1948r2014-03-15 00:00:00tC-1w2014-03-15yBK